[Event "GBR-ch110 Major Open"]
[Site "Hull"]
[Date "2024.07.28"]
[Round "2.27"]
[White "Nicholas, Koichi B"]
[Black "Kirupakaran, Vishnu"]
[Result "1-0"]
[WhiteElo "2097"]
[BlackElo "1852"]
[PlyCount "39"]
[EventDate "2024.07.27"]
[EventType "swiss"]
[EventRounds "9"]
[EventCountry "GBR"]
[SourceTitle "BritBase"]
[Source "John Saunders"]
[SourceDate "2025.02.20"]
[SourceVersion "1"]
[SourceVersionDate "2025.02.20"]
[SourceQuality "1"]

1. e4 c5 2. Nf3 e6 3. d4 cxd4 4. Nxd4 Nf6 5. Nc3 Nc6 6. Ndb5 Bc5 7. Bf4 O-O 8. Bc7 Qe7 9. Bd6 Bxd6 10. Qxd6 Qd8 11. Nc7 Ne8 12. Nxe8 Rxe8 13. O-O-O a6 14. h4 b5 15. Rh3 Qa5 16. Nxb5 Qb6 17. Nc7 Rb8 18. Rb3 Nb4 19. Qxb6 Rxb6 20. Nxe8 1-0

[Event "GBR-ch110 Major Open"]
[Site "Hull"]
[Date "2024.07.28"]
[Round "2.28"]
[White "Diniz Afonso, Davi"]
[Black "Zhao, George"]
[Result "1-0"]
[WhiteElo "1840"]
[BlackElo "2034"]
[PlyCount "107"]
[EventDate "2024.07.27"]
[EventType "swiss"]
[EventRounds "9"]
[EventCountry "GBR"]
[SourceTitle "BritBase"]
[Source "John Saunders"]
[SourceDate "2025.02.20"]
[SourceVersion "1"]
[SourceVersionDate "2025.02.20"]
[SourceQuality "1"]

1. e4 e6 2. Qe2 c5 3. Nf3 Nc6 4. d3 Be7 5. g3 d5 6. Nbd2 Nf6 7. Bg2 O-O 8. O-O b6 9. e5 Nd7 10. Re1 Ba6 11. c3 Rc8 12. Nf1 d4 13. c4 b5 14. b3 bxc4 15. bxc4 Qc7 16. h4 h6 17. N1h2 Rb8 18. Ng4 Rfe8 19. Bf4 Rb6 20. h5 Reb8 21. Qd2 Rb2 22. Qc1 Qd8 23. Bxh6 gxh6 24. Nxh6+ Kg7 25. Qf4 Bf6 26. Nxf7 Kxf7 27. Ng5+ Kg8 28. exf6 Qxf6 29. Qxf6 Nxf6 30. Bxc6 Nxh5 31. Nxe6 R8b6 32. Bf3 Nf6 33. Nxc5 Rd2 34. Red1 Rbb2 35. Rxd2 Rxd2 36. Kf1 Nd7 37. Nxa6 Rxd3 38. Be2 Ra3 39. Nb4 Ra4 40. Nc2 Ne5 41. Nxd4 Nxc4 42. Bxc4+ Rxc4 43. Ne2 Ra4 44. Ke1 Kf7 45. Kd2 Ke6 46. Nc3 Rd4+ 47. Ke3 Rc4 48. Kd3 Rc8 49. Re1+ Kf5 50. Re4 a5 51. Ra4 Rc5 52. Kd4 Re5 53. g4+ Ke6 54. f4 1-0

[Event "GBR-ch110 Major Open"]
[Site "Hull"]
[Date "2024.07.28"]
[Round "2.29"]
[White "Ashworth, Michael J"]
[Black "Li, Xiaofan"]
[Result "1-0"]
[WhiteElo "2013"]
[BlackElo "1798"]
[PlyCount "113"]
[EventDate "2024.07.27"]
[EventType "swiss"]
[EventRounds "9"]
[EventCountry "GBR"]
[SourceTitle "BritBase"]
[Source "John Saunders"]
[SourceDate "2025.02.20"]
[SourceVersion "1"]
[SourceVersionDate "2025.02.20"]
[SourceQuality "1"]

1. d4 d5 2. c4 c6 3. Nf3 Nf6 4. Nc3 dxc4 5. a4 Bf5 6. e3 e6 7. Bxc4 Bb4 8. O-O O-O 9. Qe2 Bg6 10. Rd1 h6 11. Ne5 Bh7 12. Bd3 Bxd3 13. Rxd3 Nbd7 14. e4 Qc7 15. Bf4 Nxe5 16. Bxe5 Qe7 17. Rg3 Ba5 18. Qf3 Ne8 19. Qh5 f6 20. Bf4 Bc7 21. Qxh6 e5 22. dxe5 Bxe5 23. Rd1 Bxc3 24. bxc3 Qxe4 25. h4 Qf5 26. Be3 Rf7 27. Qf4 Qxf4 28. Bxf4 Nc7 29. c4 Re8 30. Re3 Rxe3 31. Bxe3 b6 32. a5 b5 33. Bxa7 bxc4 34. Be3 Nd5 35. Rc1 Nxe3 36. fxe3 Ra7 37. Rxc4 Ra6 38. Kf2 Kf7 39. Kf3 Ke6 40. Ke4 Kd6 41. Rd4+ Ke6 42. Ra4 c5 43. g4 Kd6 44. Kd3 Kd5 45. e4+ Kd6 46. Kc4 Kc6 47. g5 fxg5 48. hxg5 Ra7 49. a6 Kb6 50. e5 Kc6 51. e6 Kb6 52. Ra1 Kc6 53. e7 Ra8 54. a7 g6 55. e8=Q+ Rxe8 56. a8=Q+ Rxa8 57. Rxa8 1-0

[Event "GBR-ch110 Major Open"]
[Site "Hull"]
[Date "2024.07.28"]
[Round "2.30"]
[White "Chris Biju, Calvin"]
[Black "Twisk, Sebastian"]
[Result "1-0"]
[WhiteElo "2008"]
[BlackElo "1802"]
[PlyCount "77"]
[EventDate "2024.07.27"]
[EventType "swiss"]
[EventRounds "9"]
[EventCountry "GBR"]
[SourceTitle "BritBase"]
[Source "John Saunders"]
[SourceDate "2025.02.20"]
[SourceVersion "1"]
[SourceVersionDate "2025.02.20"]
[SourceQuality "1"]

1. f4 d5 2. b3 c5 3. Nf3 Nc6 4. e3 Nf6 5. Bb5 Qc7 6. Bb2 e6 7. O-O Bd7 8. Qe1 O-O-O 9. d3 a6 10. Bxc6 Bxc6 11. Ne5 Bd6 12. Nd2 Ne8 13. Rc1 f6 14. Nxc6 Qxc6 15. c4 e5 16. fxe5 fxe5 17. d4 exd4 18. exd4 Nf6 19. b4 Rhe8 20. Qd1 Ne4 21. Nxe4 dxe4 22. bxc5 Bc7 23. Qg4+ Kb8 24. Rfe1 h5 25. Qh3 g5 26. Qa3 Bf4 27. d5 Qg6 28. Rc2 h4 29. Bd4 Qf5 30. Rb2 h3 31. g3 e3 32. Qxa6 Re7 33. c6 Rdd7 34. cxd7 Rxd7 35. Reb1 Bxg3 36. Rxb7+ Kc8 37. Rxd7+ Kxd7 38. Qe6+ Qxe6 39. dxe6+ 1-0

[Event "GBR-ch110 Major Open"]
[Site "Hull"]
[Date "2024.07.28"]
[Round "2.31"]
[White "Kumar, Arnav"]
[Black "Lishoy Gengis Paratazham, Dildarav"]
[Result "1/2-1/2"]
[WhiteElo "1803"]
[BlackElo "1966"]
[PlyCount "132"]
[EventDate "2024.07.27"]
[EventType "swiss"]
[EventRounds "9"]
[EventCountry "GBR"]
[SourceTitle "BritBase"]
[Source "John Saunders"]
[SourceDate "2025.02.20"]
[SourceVersion "1"]
[SourceVersionDate "2025.02.20"]
[SourceQuality "1"]

1. e4 e6 2. d4 d5 3. exd5 exd5 4. Bd3 Bd6 5. c3 c6 6. h3 h6 7. Ne2 Ne7 8. Bf4 Bf5 9. Bxd6 Qxd6 10. O-O Nd7 11. Ng3 Bxd3 12. Qxd3 O-O-O 13. Nd2 Rdf8 14. c4 Kb8 15. c5 Qg6 16. Qxg6 fxg6 17. Rfe1 Nc8 18. Re6 Rf6 19. Rae1 Kc7 20. Re8 Rhf8 21. Nf3 Rxe8 22. Rxe8 Rf8 23. Rxf8 Nxf8 24. Ne5 Ne7 25. Kf1 Ne6 26. Ne2 Nf5 27. Nf3 a5 28. g4 Ne7 29. Ke1 b6 30. cxb6+ Kxb6 31. Kd2 g5 32. Kd3 Ng6 33. Kd2 c5 34. dxc5+ Kxc5 35. Ng3 Nef4 36. Ng1 Ne7 37. N3e2 Neg6 38. Ng3 Ne7 39. N3e2 Nc6 40. Nxf4 gxf4 41. Nf3 Nd8 42. h4 Ne6 43. Kd3 a4 44. g5 hxg5 45. Nxg5 Nd4 46. b4+ axb3 47. axb3 Nf5 48. Ne6+ Kd6 49. Nxf4 Nxh4 50. b4 Nf5 51. b5 Kc5 52. b6 Kxb6 53. Nxd5+ Kc5 54. Ke4 Nd6+ 55. Ke5 Nf7+ 56. Kf5 Kxd5 57. Kg6 Ke4 58. Kxg7 Ne5 59. Kh8 Ng6+ 60. Kg7 Nh4 61. f3+ Ke3 62. f4 Nf5+ 63. Kh8 Ke4 64. Kh7 Nd6 65. f5 Ke5 66. f6 Kxf6 1/2-1/2

[Event "GBR-ch110 Major Open"]
[Site "Hull"]
[Date "2024.07.28"]
[Round "2.32"]
[White "Patel, Zain"]
[Black "Neenan, Henry"]
[Result "1-0"]
[WhiteElo "1958"]
[BlackElo "1793"]
[PlyCount "95"]
[EventDate "2024.07.27"]
[EventType "swiss"]
[EventRounds "9"]
[EventCountry "GBR"]
[SourceTitle "BritBase"]
[Source "John Saunders"]
[SourceDate "2025.02.20"]
[SourceVersion "1"]
[SourceVersionDate "2025.02.20"]
[SourceQuality "1"]

1. d4 e6 2. Nf3 Nf6 3. e3 d5 4. Bd3 Bd6 5. O-O O-O 6. b3 b6 7. Bb2 Nbd7 8. Nbd2 Bb7 9. Qe2 Ne4 10. c4 f5 11. Ne5 Nxd2 12. Qxd2 Bxe5 13. dxe5 Nc5 14. Be2 Ne4 15. Qc2 Qg5 16. cxd5 Bxd5 17. Bc4 Bxc4 18. Qxc4 Qe7 19. Qc6 Rfd8 20. Rfd1 Kf7 21. f3 Qc5 22. Rd7+ Kf8 23. Qxc5+ Nxc5 24. Rxc7 Rd5 25. Ba3 Rxe5 26. Rc1 Rd8 27. f4 Rxe3 28. R7xc5 Kf7 29. Re5 Red3 30. Rce1 Rd2 31. R5e2 Rxe2 32. Rxe2 Rd1+ 33. Kf2 Ra1 34. Rc2 Ke8 35. Bd6 Rd1 36. Be5 g6 37. Rc8+ Rd8 38. Rxd8+ Kxd8 39. Ke3 Kd7 40. Kd4 Kc6 41. a4 a6 42. b4 b5 43. a5 h6 44. h4 h5 45. g3 Kd7 46. Kc5 Kc8 47. Kb6 Kd7 48. Kb7 1-0

[Event "GBR-ch110 Major Open"]
[Site "Hull"]
[Date "2024.07.28"]
[Round "2.33"]
[White "Bates, Hubert"]
[Black "Zhang, Junyi"]
[Result "0-1"]
[WhiteElo "1750"]
[BlackElo "1957"]
[PlyCount "118"]
[EventDate "2024.07.27"]
[EventType "swiss"]
[EventRounds "9"]
[EventCountry "GBR"]
[SourceTitle "BritBase"]
[Source "John Saunders"]
[SourceDate "2025.02.20"]
[SourceVersion "1"]
[SourceVersionDate "2025.02.20"]
[SourceQuality "1"]

1. e4 c5 2. Nf3 e6 3. d4 cxd4 4. Nxd4 Nf6 5. Nc3 Nc6 6. Ndb5 Bc5 7. Nd6+ Ke7 8. Bf4 e5 9. Nf5+ Kf8 10. Bg5 d6 11. Bc4 Be6 12. Bd5 h6 13. Bh4 g5 14. Bg3 Bxf5 15. exf5 Kg7 16. Ne4 Nxe4 17. Bxe4 Qf6 18. Qh5 Ne7 19. O-O-O Rab8 20. h4 b5 21. hxg5 Qxg5+ 22. Kb1 Qxh5 23. Rxh5 Ng8 24. Rh4 Nf6 25. Bd3 a6 26. a3 Rbc8 27. Rdh1 Rb8 28. a4 bxa4 29. Rxa4 Bd4 30. Ra2 Nd5 31. Kc1 Nb4 32. Ra3 Bxb2+ 33. Kxb2 Nxd3+ 34. Kc3 Nc5 35. Re1 Rhc8 36. Kd2 Rb4 37. f3 Rd4+ 38. Ke3 Kf6 39. Rh1 Kg7 40. f4 f6 41. fxe5 dxe5 42. Rh4 Rxh4 43. Bxh4 Rc6 44. Rc3 Rc7 45. Bf2 Ne6 46. Rxc7+ Nxc7 47. Ke4 Kf7 48. g4 Ne8 49. Be3 h5 50. gxh5 Nd6+ 51. Kd5 Nxf5 52. Bd2 Ne7+ 53. Kd6 e4 54. c4 e3 55. Be1 f5 56. h6 f4 57. h7 Ng6 58. Bh4 f3 59. h8=N+ Nxh8 0-1

[Event "GBR-ch110 Major Open"]
[Site "Hull"]
[Date "2024.07.28"]
[Round "2.34"]
[White "Howell, Oliver W"]
[Black "Chantrell, Paul"]
[Result "1-0"]
[WhiteElo "1910"]
[BlackElo "1735"]
[PlyCount "69"]
[EventDate "2024.07.27"]
[EventType "swiss"]
[EventRounds "9"]
[EventCountry "GBR"]
[SourceTitle "BritBase"]
[Source "John Saunders"]
[SourceDate "2025.02.20"]
[SourceVersion "1"]
[SourceVersionDate "2025.02.20"]
[SourceQuality "1"]

1. d4 d5 2. Nf3 Nf6 3. Bg5 Ne4 4. Bf4 f6 5. e3 g5 6. Bg3 h5 7. Be2 h4 8. Nfd2 hxg3 9. Nxe4 dxe4 10. Bh5+ Kd7 11. hxg3 Bg7 12. Qg4+ e6 13. Qxe4 f5 14. Qd3 g4 15. d5 Ke7 16. Nc3 Na6 17. O-O-O Nb4 18. Qc4 Bxc3 19. dxe6 Rxh5 20. Rxh5 Bxb2+ 21. Kxb2 Qxd1 22. Qxc7+ Bd7 23. exd7 Nd3+ 24. cxd3 Qd2+ 25. Qc2 Qb4+ 26. Qb3 Qd2+ 27. Kb1 Qe1+ 28. Kc2 Qxf2+ 29. Kc3 Qe1+ 30. Kd4 Qa1+ 31. Kd5 Qg7 32. Qb4+ Kd8 33. Qd6 Qf7+ 34. Qe6 Qxh5 35. Kd6 1-0

[Event "GBR-ch110 Major Open"]
[Site "Hull"]
[Date "2024.07.28"]
[Round "2.35"]
[White "Vaddhireddy, Sai"]
[Black "Bedi, Adam"]
[Result "1-0"]
[WhiteElo "1724"]
[BlackElo "1903"]
[PlyCount "93"]
[EventDate "2024.07.27"]
[EventType "swiss"]
[EventRounds "9"]
[EventCountry "GBR"]
[SourceTitle "BritBase"]
[Source "John Saunders"]
[SourceDate "2025.02.20"]
[SourceVersion "1"]
[SourceVersionDate "2025.02.20"]
[SourceQuality "1"]

1. d4 d5 2. c4 c6 3. Nf3 Nf6 4. g3 Bf5 5. Nc3 e6 6. Qb3 Qb6 7. c5 Qc7 8. Bf4 Qc8 9. Bg2 h6 10. O-O Nbd7 11. h4 Be7 12. Ne5 O-O 13. Rfe1 Nxe5 14. Bxe5 Rd8 15. Rac1 Rd7 16. f3 Qd8 17. Qd1 Bh7 18. b4 Ne8 19. Bh3 Bf5 20. Bxf5 exf5 21. Qd3 g6 22. Kg2 Bf6 23. Bf4 Bg7 24. Be3 Nc7 25. Rb1 Ne6 26. Bf2 Qf6 27. e3 Re8 28. Rec1 Rde7 29. b5 f4 30. gxf4 Qxf4 31. bxc6 bxc6 32. Qa6 Qc7 33. Bg3 Qd7 34. Bd6 Nxc5 35. dxc5 Rxe3 36. Nd1 Re2+ 37. Nf2 Qf5 38. Rb8 Rxb8 39. Qxe2 Rb2 40. Qe8+ Kh7 41. Qxc6 g5 42. Qa4 gxh4 43. Qxh4 Rxa2 44. c6 Qg6+ 45. Qg3 Bd4 46. Qxg6+ Kxg6 47. c7 1-0

[Event "GBR-ch110 Major Open"]
[Site "Hull"]
[Date "2024.07.28"]
[Round "2.36"]
[White "Metcalfe, Charlie P"]
[Black "Srivastava, Siddhartha Shankar"]
[Result "1-0"]
[WhiteElo "1898"]
[BlackElo "1595"]
[PlyCount "83"]
[EventDate "2024.07.27"]
[EventType "swiss"]
[EventRounds "9"]
[EventCountry "GBR"]
[SourceTitle "BritBase"]
[Source "John Saunders"]
[SourceDate "2025.02.20"]
[SourceVersion "1"]
[SourceVersionDate "2025.02.20"]
[SourceQuality "1"]

1. d4 d5 2. c4 e6 3. Nc3 Nf6 4. cxd5 exd5 5. Bg5 Be7 6. e3 h6 7. Bf4 O-O 8. Bd3 c6 9. h3 Bd6 10. Bxd6 Qxd6 11. Nf3 Re8 12. Qc2 a5 13. O-O Na6 14. a3 Bd7 15. Na4 Ne4 16. Ne5 Rad8 17. Bxe4 dxe4 18. Qb3 Re7 19. Qxb7 c5 20. Nxd7 Rb8 21. dxc5 Qxd7 22. Qxd7 Rxd7 23. Rfd1 Rc7 24. Rac1 Rc6 25. Rd4 f5 26. Rd5 Rf6 27. c6 Rc8 28. Rxa5 Rfxc6 29. Rxc6 Rxc6 30. Rxf5 Rc4 31. Ra5 Nc7 32. Rc5 Rxa4 33. Rxc7 Kh7 34. Kf1 Kg6 35. Ke2 Kf6 36. Kd2 Ra6 37. Rd7 Rb6 38. Kc3 Rc6+ 39. Kb3 Rb6+ 40. Ka2 Rc6 41. Rd2 Rb6 42. b4 1-0

[Event "GBR-ch110 Major Open"]
[Site "Hull"]
[Date "2024.07.28"]
[Round "2.37"]
[White "Angst, Robin"]
[Black "Ba, Amy"]
[Result "1-0"]
[WhiteElo "2249"]
[BlackElo "1471"]
[PlyCount "61"]
[EventDate "2024.07.27"]
[EventType "swiss"]
[EventRounds "9"]
[EventCountry "GBR"]
[SourceTitle "BritBase"]
[Source "John Saunders"]
[SourceDate "2025.02.20"]
[SourceVersion "1"]
[SourceVersionDate "2025.02.20"]
[SourceQuality "1"]

1. f4 d5 2. Nf3 Nc6 3. g3 Nf6 4. Bg2 e6 5. d3 Bd7 6. O-O Bd6 7. Nc3 a6 8. e4 dxe4 9. dxe4 Bc5+ 10. Kh1 O-O 11. Qe2 Qe7 12. e5 Ne8 13. Ne4 Bb6 14. c3 f5 15. Ned2 Rd8 16. Nc4 Ba7 17. Be3 Bxe3 18. Nxe3 g6 19. Rfd1 Ng7 20. Nd4 Nxd4 21. cxd4 Bb5 22. Qc2 b6 23. Rac1 c5 24. d5 Bd7 25. Qc4 a5 26. Qa6 Rb8 27. Qa7 Qe8 28. Nc4 Qd8 29. dxe6 Nxe6 30. Rxd7 Qe8 31. Bd5 1-0

[Event "GBR-ch110 Major Open"]
[Site "Hull"]
[Date "2024.07.28"]
[Round "2.38"]
[White "Li, Reya"]
[Black "Adams, Henry"]
[Result "0-1"]
[WhiteElo "1766"]
[BlackElo "2000"]
[PlyCount "86"]
[EventDate "2024.07.27"]
[EventType "swiss"]
[EventRounds "9"]
[EventCountry "GBR"]
[SourceTitle "BritBase"]
[Source "John Saunders"]
[SourceDate "2025.02.20"]
[SourceVersion "1"]
[SourceVersionDate "2025.02.20"]
[SourceQuality "1"]

1. e4 e5 2. Nc3 Nf6 3. f4 d5 4. fxe5 Nxe4 5. Qf3 Nxc3 6. bxc3 c5 7. d4 Nc6 8. Bb5 cxd4 9. Bxc6+ bxc6 10. cxd4 Qh4+ 11. Qf2 Bb4+ 12. Kf1 Qxf2+ 13. Kxf2 Bc3 14. Ne2 Bxa1 15. Ba3 Bb2 16. Bxb2 O-O 17. Ba3 Rd8 18. Bd6 Rd7 19. Ke3 Rb7 20. Kd2 Rb2 21. a3 Bf5 22. Rc1 Rb7 23. Nc3 f6 24. Na4 fxe5 25. Nc5 Rf7 26. dxe5 Re8 27. Ke3 g5 28. c4 Bg6 29. cxd5 cxd5 30. Rd1 Rf4 31. Rxd5 Rc4 32. Rd2 Rc3+ 33. Kd4 Rxa3 34. Nd7 Ra4+ 35. Kd5 Be4+ 36. Kc5 Rc8+ 37. Bc7 Rxc7+ 38. Kd6 Rxd7+ 39. Kxd7 Bf5+ 40. Ke7 Ra6 41. Rd6 Rxd6 42. exd6 a5 43. h3 h5 0-1

[Event "GBR-ch110 Major Open"]
[Site "Hull"]
[Date "2024.07.28"]
[Round "2.39"]
[White "Pattni, Kishan"]
[Black "Zhu, Pengxiao"]
[Result "1-0"]
[WhiteElo "1746"]
[BlackElo "1969"]
[PlyCount "119"]
[EventDate "2024.07.27"]
[EventType "swiss"]
[EventRounds "9"]
[EventCountry "GBR"]
[SourceTitle "BritBase"]
[Source "John Saunders"]
[SourceDate "2025.02.20"]
[SourceVersion "1"]
[SourceVersionDate "2025.02.20"]
[SourceQuality "1"]

1. d4 d5 2. Nf3 Nf6 3. Bf4 c5 4. e3 Nc6 5. c3 Qb6 6. Qc2 Bf5 7. dxc5 Bxc2 8. cxb6 axb6 9. Na3 Bf5 10. Nb5 Rc8 11. Nh4 Bg4 12. h3 Bh5 13. g4 Bg6 14. g5 e5 15. Nxg6 hxg6 16. gxf6 exf4 17. fxg7 Bxg7 18. Nd6+ Kd7 19. Nxc8 Rxc8 20. exf4 Re8+ 21. Kd1 d4 22. Kc2 dxc3 23. bxc3 Re4 24. f5 Rf4 25. Rd1+ Kc7 26. fxg6 fxg6 27. Rd2 Rf3 28. Bd3 Ne5 29. Be4 Rf4 30. Re2 g5 31. f3 Rf8 32. h4 gxh4 33. Rxh4 Bf6 34. Rh7+ Kd6 35. Rxb7 Nc4 36. Rh2 b5 37. Rh5 Rg8 38. Rh6 Rg2+ 39. Kc1 Rg1+ 40. Kc2 Rg2+ 41. Kd1 Ke6 42. Rxb5 Ke7 43. Rh7+ Kd6 44. f4 Ne3+ 45. Kc1 Rg1+ 46. Kd2 Nf1+ 47. Kd3 Bd8 48. Rd5+ Ke6 49. Rxd8 Ng3 50. Kc4 Nxe4 51. Re8+ Kf5 52. Rf7+ Kg6 53. Rg8+ Kxf7 54. Rxg1 Kf6 55. Rd1 Kf5 56. a4 Nf6 57. a5 Ne8 58. a6 Nc7 59. a7 Kxf4 60. Rd7 1-0

[Event "GBR-ch110 Major Open"]
[Site "Hull"]
[Date "2024.07.28"]
[Round "2.40"]
[White "Robertson, Jim"]
[Black "Schell, Finn"]
[Result "0-1"]
[WhiteElo "1686"]
[BlackElo "1887"]
[PlyCount "34"]
[EventDate "2024.07.27"]
[EventType "swiss"]
[EventRounds "9"]
[EventCountry "GBR"]
[SourceTitle "BritBase"]
[Source "John Saunders"]
[SourceDate "2025.02.20"]
[SourceVersion "1"]
[SourceVersionDate "2025.02.20"]
[SourceQuality "1"]

1. g3 d5 2. e3 e5 3. Bg2 Nc6 4. d3 f5 5. Ne2 Nf6 6. a3 Bd6 7. h3 O-O 8. O-O Kh8 9. b3 g5 10. Nbc3 f4 11. exf4 gxf4 12. gxf4 Rg8 13. Kh1 Nh5 14. Ng1 Nxf4 15. Bxf4 exf4 16. Bxd5 Qh4 17. Bxg8 Bxh3 0-1

[Event "GBR-ch110 Major Open"]
[Site "Hull"]
[Date "2024.07.28"]
[Round "2.41"]
[White "Sheikh, Anum"]
[Black "Sui, Yueyue"]
[Result "1/2-1/2"]
[WhiteElo "1862"]
[BlackElo "1749"]
[PlyCount "49"]
[EventDate "2024.07.27"]
[EventType "swiss"]
[EventRounds "9"]
[EventCountry "GBR"]
[SourceTitle "BritBase"]
[Source "John Saunders"]
[SourceDate "2025.02.20"]
[SourceVersion "1"]
[SourceVersionDate "2025.02.20"]
[SourceQuality "1"]

1. e4 e6 2. d4 d5 3. Nd2 dxe4 4. Nxe4 Nd7 5. Nf3 Ngf6 6. Nxf6+ Nxf6 7. c3 Be7 8. Bd3 O-O 9. Qe2 b6 10. O-O Bb7 11. Ne5 h6 12. Be3 Qc8 13. Rac1 Bd6 14. f4 c5 15. f5 Rd8 16. fxe6 Qxe6 17. Bf5 Qe7 18. Bf4 Nd5 19. Qg4 Nxf4 20. Qxf4 Bxe5 21. dxe5 Bc8 22. Be4 Bb7 23. Bf5 Bc8 24. Be4 Bb7 25. Bf5 1/2-1/2

[Event "GBR-ch110 Major Open"]
[Site "Hull"]
[Date "2024.07.28"]
[Round "2.42"]
[White "Jacobs, Simon"]
[Black "Storey, Cameron"]
[Result "1/2-1/2"]
[WhiteElo "1683"]
[BlackElo "1860"]
[PlyCount "110"]
[EventDate "2024.07.27"]
[EventType "swiss"]
[EventRounds "9"]
[EventCountry "GBR"]
[SourceTitle "BritBase"]
[Source "John Saunders"]
[SourceDate "2025.02.20"]
[SourceVersion "1"]
[SourceVersionDate "2025.02.20"]
[SourceQuality "1"]

1. c3 g6 2. d4 Bg7 3. Bf4 d6 4. e3 Nd7 5. Nf3 e5 6. dxe5 dxe5 7. Bg3 Ne7 8. Bc4 O-O 9. Qb3 Nf5 10. Nbd2 Qe7 11. Ne4 Nb6 12. O-O Nxg3 13. Nxg3 Nxc4 14. Qxc4 Be6 15. Qa4 f5 16. e4 f4 17. Ne2 g5 18. g3 fxg3 19. fxg3 h5 20. h4 Bf6 21. hxg5 Bxg5 22. Kg2 Be3 23. Nxe5 Qg5 24. Nf3 Qg4 25. Neg1 Bf4 26. Ne2 Qh3+ 27. Kf2 Bxg3+ 28. Nxg3 Rxf3+ 29. Kxf3 Bg4+ 30. Kf4 Rf8+ 31. Kg5 Qxg3 32. Rxf8+ Kxf8 33. Qb4+ Kg8 34. Kh6 Qf4+ 35. Kg6 Be6 36. Qe7 Qxe4+ 37. Kh6 Qe3+ 38. Qg5+ Qxg5+ 39. Kxg5 Bg4 40. Rf1 Kg7 41. b4 c6 42. Rf4 a6 43. Rd4 Kf7 44. Rd8 Ke6 45. Kf4 b5 46. Ke4 Be2 47. Kf4 Bc4 48. a3 Bb3 49. Ra8 Kd5 50. Rxa6 c5 51. Rh6 Bd1 52. Rh8 cxb4 53. cxb4 Kc4 54. Rb8 Ba4 55. Kg5 Kb3 1/2-1/2

[Event "GBR-ch110 Major Open"]
[Site "Hull"]
[Date "2024.07.28"]
[Round "2.43"]
[White "Rastogi, Nayan Keats"]
[Black "Parikh, Naavya"]
[Result "1-0"]
[WhiteElo "1859"]
[BlackElo "1711"]
[PlyCount "159"]
[EventDate "2024.07.27"]
[EventType "swiss"]
[EventRounds "9"]
[EventCountry "GBR"]
[SourceTitle "BritBase"]
[Source "John Saunders"]
[SourceDate "2025.02.20"]
[SourceVersion "1"]
[SourceVersionDate "2025.02.20"]
[SourceQuality "1"]

1. e4 e5 2. Nf3 Nc6 3. Bb5 d6 4. d4 Bd7 5. Nc3 exd4 6. Nxd4 Nge7 7. Nd5 Nxd4 8. Bxd7+ Qxd7 9. Qxd4 Nc6 10. Qc3 O-O-O 11. O-O Ne7 12. Nb4 Qe6 13. Be3 Kb8 14. f3 c5 15. Nd3 b6 16. Nf4 Qe5 17. Qxe5 dxe5 18. Ne2 Nc6 19. Nc3 Bd6 20. Rad1 Nd4 21. Bxd4 cxd4 22. Nd5 f6 23. Rd3 Rc8 24. Rf2 Rc6 25. Kf1 Rhc8 26. Rdd2 a5 27. a3 b5 28. Ke1 b4 29. a4 Ka7 30. b3 Bc5 31. Rd3 Rf8 32. h4 f5 33. Re2 f4 34. Kf2 Rg6 35. Re1 Rd8 36. Rg1 Rg3 37. Rh1 Rc8 38. Rc1 Rc6 39. Rcd1 Kb7 40. Rf1 Ba7 41. Rc1 h5 42. Ne7 Rc7 43. Nd5 Rc5 44. Ne7 Kc7 45. Nf5 Rg6 46. Ne7 Re6 47. Nd5+ Kd7 48. g3 fxg3+ 49. Kxg3 Rc8 50. Ne3 Ke8 51. Nc4 Rc5 52. Kh3 Rf6 53. Rg1 g6 54. Rg5 Re6 55. Kg3 Kf7 56. f4 exf4+ 57. Kxf4 Bb8+ 58. e5 Rd5 59. Ke4 Rd7 60. Rxd4 Rxd4+ 61. Kxd4 Bc7 62. Rg2 Bd8 63. Rh2 Re7 64. Kd5 Rd7+ 65. Nd6+ Kg7 66. e6 Re7 67. Re2 Kf6 68. Rf2+ Kg7 69. Re2 Kf6 70. Nc8 Rc7 71. Nb6 Re7 72. Nd7+ Kg7 73. Ne5 Kh7 74. Nc6 Re8 75. Nxd8 Rxd8+ 76. Kc6 Kg7 77. e7 Rc8+ 78. Kd7 Ra8 79. e8=Q Rxe8 80. Rxe8 1-0

[Event "GBR-ch110 Major Open"]
[Site "Hull"]
[Date "2024.07.28"]
[Round "2.44"]
[White "Saxena, Advik"]
[Black "Lee, Alexandre Km"]
[Result "0-1"]
[WhiteElo "1666"]
[BlackElo "1858"]
[PlyCount "76"]
[EventDate "2024.07.27"]
[EventType "swiss"]
[EventRounds "9"]
[EventCountry "GBR"]
[SourceTitle "BritBase"]
[Source "John Saunders"]
[SourceDate "2025.02.20"]
[SourceVersion "1"]
[SourceVersionDate "2025.02.20"]
[SourceQuality "1"]

1. e4 e6 2. d4 d5 3. exd5 exd5 4. Bd3 Bd6 5. Nf3 Ne7 6. O-O Nbc6 7. c3 Bg4 8. Bg5 f6 9. Bh4 Qd7 10. b4 O-O 11. Nbd2 Bf5 12. Bxf5 Nxf5 13. Bg3 Nce7 14. Bxd6 Nxd6 15. Re1 Rfe8 16. Nb3 b6 17. a4 Nef5 18. Qc2 Rxe1+ 19. Nxe1 Re8 20. Nd3 g5 21. a5 Nb5 22. axb6 cxb6 23. Re1 Nfd6 24. Re3 Rxe3 25. fxe3 Qe6 26. Qc1 Ne4 27. Nf2 Nexc3 28. h3 Ne2+ 29. Kh1 Nxc1 30. Nxc1 Qxe3 31. Ncd3 Nxd4 32. Kh2 Nf5 33. Kg1 a5 34. bxa5 bxa5 35. Nb2 Qe1+ 36. Kh2 Qxf2 37. Na4 Ne3 38. Kh1 Qxg2# 0-1

[Event "GBR-ch110 Major Open"]
[Site "Hull"]
[Date "2024.07.28"]
[Round "2.45"]
[White "Ashworth, Robert M"]
[Black "Van Uytvange, Jonas"]
[Result "1-0"]
[WhiteElo "1845"]
[BlackElo "1685"]
[PlyCount "85"]
[EventDate "2024.07.27"]
[EventType "swiss"]
[EventRounds "9"]
[EventCountry "GBR"]
[SourceTitle "BritBase"]
[Source "John Saunders"]
[SourceDate "2025.02.20"]
[SourceVersion "1"]
[SourceVersionDate "2025.02.20"]
[SourceQuality "1"]

1. e4 e5 2. Nf3 Nc6 3. Bc4 Bc5 4. c3 Nf6 5. d3 d6 6. O-O O-O 7. a4 a5 8. Nbd2 Be6 9. h3 Ne7 10. Ng5 Bxc4 11. Nxc4 Nc6 12. Re1 Nd7 13. Qg4 Qf6 14. Ne3 Nb6 15. Nf5 Rae8 16. Nf3 Qg6 17. Ng5 h6 18. Nh4 Qf6 19. Ngf3 Ne7 20. Bd2 Ng6 21. Nf5 Kh7 22. Bg5 hxg5 23. Qh5+ Kg8 24. Nxg5 Qxg5 25. Qxg5 Re6 26. h4 Rf6 27. h5 Nd7 28. Re2 Rxf5 29. Qxf5 Nf4 30. Rd2 Nf6 31. d4 Bb6 32. dxe5 dxe5 33. Qxe5 N6xh5 34. g3 Nxg3 35. Qxf4 Nh5 36. Qf3 Nf6 37. Rad1 c6 38. e5 Nd5 39. Rxd5 cxd5 40. Rxd5 Rc8 41. Rd7 Rf8 42. Qxb7 Bd8 43. e6 1-0

[Event "GBR-ch110 Major Open"]
[Site "Hull"]
[Date "2024.07.28"]
[Round "2.46"]
[White "Mittal, Advik"]
[Black "Vaidyanathan, Sathya"]
[Result "0-1"]
[WhiteElo "1619"]
[BlackElo "1844"]
[PlyCount "98"]
[EventDate "2024.07.27"]
[EventType "swiss"]
[EventRounds "9"]
[EventCountry "GBR"]
[SourceTitle "BritBase"]
[Source "John Saunders"]
[SourceDate "2025.02.20"]
[SourceVersion "1"]
[SourceVersionDate "2025.02.20"]
[SourceQuality "1"]

1. d4 d5 2. Bf4 Nf6 3. e3 c5 4. Nf3 Nc6 5. Nc3 Bg4 6. Bb5 cxd4 7. exd4 e6 8. h3 Bxf3 9. Qxf3 Qb6 10. Qd3 Bb4 11. f3 Bxc3+ 12. bxc3 a6 13. Bxc6+ Qxc6 14. Be5 Rc8 15. Bxf6 gxf6 16. Kd2 Qd6 17. Qe3 Qg3 18. Rhg1 Rg8 19. Rab1 Rc7 20. Rb3 Ke7 21. Ke2 Qh2 22. Qf2 Rgc8 23. Kd3 b5 24. a3 a5 25. Rc1 Qf4 26. Qe3 Rxc3+ 27. Rxc3 Rxc3+ 28. Kxc3 Qxe3+ 29. Kb2 Qxd4+ 30. c3 Qd2+ 31. Rc2 Qf4 32. Kb3 Qc4+ 33. Kb2 a4 34. Kc1 Qb3 35. Kd2 Qxa3 36. Kd1 Qa1+ 37. Kd2 a3 38. g4 a2 39. Rxa2 Qxa2+ 40. Kd3 Kd6 41. f4 e5 42. fxe5+ Kxe5 43. g5 Qc4+ 44. Kc2 d4 45. Kd2 Qxc3+ 46. Ke2 Ke4 47. gxf6 Qc2+ 48. Ke1 Kf3 49. h4 Qc1# 0-1